00515nam a22001217a 4500999001900000020001800019100002900037245007600066260003400142942000700176952010600183952010400289 c263511d263510 a9780439377096 aDav Pilkey & Dan Santat. aRicky Ricotta's mighty robot vs the naughty nightcrawlers from Nepture. aNewYorkbScholastic Incc2021 cBK 001040708FICa40404b40404cCHILDd2024-04-22l0pCL/097/2021r2024-04-22 00:00:00w2024-04-22yBK 001040708FICa40404b40404cCHILDd2024-04-23l0pCL2021097r2024-04-23 00:00:00w2024-04-23yBK